Statistics for Adventure Time Franchise

Click here to take the quiz!

General Stats

  • This quiz has been taken 29 times
    (21 since last reset)
  • The average score is 2 of 11

Answer Stats

TypeYearNameInfo% Correct
TV Show2010-2018Adventure TimeCartoon Network
100%
Web Mini-Series2020Adventure Time: Distant LandsHBO Max
46%
Web SeriesTBAAdventure Time: Fionna and CakeHBO Max
38%
Video Game2013Adventure Time: Explore the Dungeon Because I Don't Know!D3 Publisher / Bandai Namco Games
15%
Video Game2015Adventure Time: Finn & Jake InvestigationsLittle Orbit
15%
Video Game2012Adventure Time: Hey Ice King! Why'd You Steal Our Garbage?!!D3 Publisher / Bandai Namco Games
15%
Video Game2018Adventure Time: Pirates of the EnchiridionOutright Games
8%
Video Game2014Adventure Time: Battle PartyCartoon Network Interactive
0%
Video Game2014Adventure Time: The Secret of the Nameless KingdomLittle Orbit
0%
Video Game2018Bloons Adventure Time TDCartoon Network Interactive
0%
Video Game2021Bloons TD Battles 2Cartoon Network Interactive
0%

Score Distribution

Percentile by Number Answered

Percent of People with Each Score

Your Score History

You have not taken this quiz since the last reset